000 00452nam a22001817a 4500
003 CEME
005 20210628203220.0
008 210122b xxu||||| |||| 00| 0 eng d
020 _a0-471-40145-5
040 _c.
082 _a515 HIM
100 _aHimonas, Alex, Howard, Alan
_964031
245 _aCalculus, ideas and applications
260 _aNEW YORK
_bJOHN WILEY
_c2003
300 _aXV,810 P
650 _aCALCULUS
_922515
942 _cBK
_2ddc
999 _c572677
_d572677